1802 1889 1742 1718 1955 1157 1958 1898 1269 1401 1620 1956 1603 1404 1639 1507 1446 1221 1264 1432 1671 1233 1448 1647 1107 1608 1519 1168 1806 1341 1477 1885 1243 1110 1045 1726 1132 1345 1089 1297 1039 1925 1469 1679 1665 1719 1868 1064 1710 1617 1718 1472 1301 1431 1809 1588 1634 1406 1606 1377 1105 1412 1700 1082 1653 1165 1041 1221 1455 1734 1380 1112 1835 1115 1604 1711 1589 1682 1601 1698 1464 1623 1501 1848 1496 1219 1903 1890 1851 1177 1498 1164 1011 1375 1611 1865 1937 1581 1332 BCNSPRNW ULIB Ver.6.0+V

เปลี่ยนเป็นภาษาไทย

Change to English
 แสดงรายละเอียดบรรณานุกรม
  กลับหน้าหลัก

Brief Record : Get Marc (ISO 2709) : E-mail record : QR code < ปิดหน้าต่าง
LEADER : 00000nam 2200000uu 4500
001    13399108757
003     ULIB
008    110314s2543||||th 000 0 tha d
020    9742827257
060  4 W33.JT3^bธ17ค 2543
100 0  ธเนตร บัวแย้ม
245 00 คำอธิบายพระราชบัญญัติการประกอบโรคศิลปะ พ.ศ.2542/^cธเนตร บัวแย้ม,เสถียร แจ้งศิริเจริญ
260    กรุงเทพฯ:^bวิญญูชน,^c2543
300    88 หน้า
650  7 พ.ร.บ.การประกอบโรคศิลปะ
650  7 การประกอบโรคศิลปะ
700 0  เสถียร แจ้งศิริเจริญ
945    ^p80^l0^i018717
945    ^p80^l0^i018687
945    ^p80^l0^i018685
945    ^p80^l0^i018686
995    ทศพร
999 ^a ใช้งานได้ทุกระบบ
รายการนี้ยังไม่มีแท็ก
คุณยังไม่ได้ล็อกอิน คุณสามารถมีกิจกรรมร่วมกับเว็บไซต์ได้ แต่ต้องล็อกอินก่อน ::
  ล็อกอิน

รายการสื่อสารสนเทศ

ลำดับที่ ประเภท เลขเรียก/บาร์โค้ด สถานที่ สถานะ
- ไม่พบข้อมูล -

BibComment


ยังไม่เคยถูกคอมเมนท์

คอมเมนท์ทรัพยากรรายการนี้
  คอมเมนท์: คำอธิบายพระราชบัญ..


 Copyright 2026. Bcnsprnw @Library